Pesticide Produce Quiz Stats

Quiz Updated Dec 19, 2014

Challenge
Share
Tweet
Embed
Score 0/20 Timer 05:00
0 Plays Today
% Correct
Celery
85.3%
Grapes
69.2%
Strawberries
61%
Peaches
58.1%
Pineapples
49.1%
Avocado
44.2%
Apples
43.5%
Sweet Bell Peppers
39.5%
Sweet Peas
39.2%
Cucumbers
39.2%
% Correct
Kiwi
36.4%
Onions
36.3%
Asparagus
33.6%
Nectarines - Imported
32.9%
Papayas
32.4%
Spinach
27.3%
Mangoes
22.7%
Sweet Corn
21.8%
Eggplant
19.3%
Cherry Tomatoes
12.4%

You're not logged in!

Compare scores with friends on all Sporcle quizzes.
Join for Free
OR
Log In

You Might Also Like...

Show Comments

Extras

Top Quizzes Today


Score Distribution

Your Account Isn't Verified!

In order to create a playlist on Sporcle, you need to verify the email address you used during registration. Go to your Sporcle Settings to finish the process.

Report this User

Report this user for behavior that violates our Community Guidelines.

Details: